000 01533nam a2200133Ia 4500
008 220620s9999||||xx |||||||||||||| ||und||
020 _a9783040000000
245 0 _aSynthesis and Application of Nano- and Microdispersed Systems
546 _aEnglish[eng]
650 _asorption||heavy metals||radioactive metals||potassium titanate||ion exchange||natural rubber||maleated natural rubber||maleic anhydride||Halloysite Nanotubes||silver nanodecahedron||SERS||photochemical synthesis||LEDs||spark plasma sintering||nanomodification||mechanical processing||densification||mechanical properties||low-carbon steels of the ferritic class||nanoscale phase precipitates||strength characteristics||steel composition||hot rolling||structure||5-hydroxymethylfurfural||2,5-diformylfuran||TiO2||electrochemical synthesis||pulse alternating current||CVD process||doping||single-crystal diamond||boron||triethyl borate||thin films||boron-doped diamond||polymer composite||sorbent||wastewater||polyvinyl butyral||potassium polytitanate||direct ethanol fuel cell||platinum-based catalyst||electrocatalysis||nanoparticles||platinum catalyst||synthesis method||polyol process||electrochemical dispersion||alternating current||ethanol electrooxidation||fuel cell||carbon quantum dots||polarization fluorescent analysis||fluorescence properties||copper cation||water samples||n/a
700 _aKuznetsov, Denis||Burmistrov, Igor||Karunakaran, Gopalu||Muratov, Dmitry S.||Andrey, Yudin
856 _uhttps://mdpi.com/books/pdfview/book/5356
942 _cEB
999 _c25649
_d25649